Μια κάποια μιγάδα

Αποθηκεύτηκε σε:
Λεπτομέρειες βιβλιογραφικής εγγραφής
Κύριος συγγραφέας: Asturias, Miguel Angel
Μορφή: Βιβλίο
Γλώσσα:Greek
Δημοσίευση: Αθήνα : Bell, c1998
Θέματα:
Ετικέτες: Προσθήκη ετικέτας
Δεν υπάρχουν, Καταχωρήστε ετικέτα πρώτοι!

MARC

LEADER 00000cam a2200000 i 4500
001 1/31721
008 130613s1998 gre d
020 |a 960-620-411-1 
035 |l 10114786 
040 |a GR-MY-UA  |b gre  |e aacr 
041 0 |a gre 
082 0 |a 863  |2 (22) 
100 1 |a Asturias, Miguel Angel. 
245 1 0 |a Μια κάποια μιγάδα /  |c Μιγκέλ Άνχελ Αστούριας ; μετάφρ. Μπάμπης Λυκούδης 
260 |a Αθήνα :   |b Bell,   |c c1998 
300 |a 477 σ.;  |c 19 εκ. 
650 0 0 |a Guatemalan fiction  |y 20th century. 
852 |a INST  |b LEMNOS  |e 20130613  |h 863 AST  |p 005600000889  |q 005600000889  |t BK  |y 0 
901 |a BIBL6-2013-1 
909 |a Μ  |b 161162 
970 |a ΤΣΟΥΚΑΛΑ  |b ΑΛΙΚΗ  |z 2013/01/